| 000 | 00345nam a2200145Ia 4500 | ||
|---|---|---|---|
| 008 | 230917s9999||||xx |||||||||||||| ||und|| | ||
| 040 |
_e114307 _aMAIN |
||
| 041 | _aEnglish | ||
| 082 | _a823.7 D555G | ||
| 100 | _aDickens, Charles | ||
| 245 | 0 | _aGreat expectations | |
| 260 |
_bNew Delhi _cViva books |
||
| 300 | _avii, 310p p. | ||
| 942 | _cBK | ||
| 999 |
_c140741 _d140741 |
||